000 01369nam a2200361 i 4500
003 OSt
005 20260601193401.0
008 260507b1973 caua|||| |||| 00| 0 eng d
020 _a091323205X
040 _aICI
_beng
_cICI
041 _aeng
050 _aBF408
_bK63
100 1 _aDon Koberg and Jim Bagnall
_935031
245 1 _aThe Universal Traveler :
_bsoft-systems guide to creativity, problem-solving, and the process of reaching goals /
_cDon Koberg and Jim Bagnall.
264 _bWilliam Kaufmann
_c1971
300 _a128 páginas :
336 _atexto
_2rdacontent
337 _asin medio
_2rdamedia
338 _avolumen
_2rdacarrier
500 _aManual interdisciplinario sobre creatividad, diseño y solución de problemas.
520 _aGuía metodológica orientada al pensamiento creativo y al diseño de soluciones mediante enfoques sistémicos aplicables a educación, arquitectura, diseño e innovación.
650 _aCreative thinking.
_935032
650 _aProblem solving.
_935033
650 _aSystems theory.
_935034
650 _aDesign
_xMethodology.
_935035
650 _aCreatividad
_935036
650 _aSolución de problemas.
_935037
650 _aMetodología de sistemas
_935038
650 _aDiseño
_935039
650 _aPensamiento creativo
_935040
650 _aPlaneación estratégica
_935041
942 _2lcc
_cB
_n1
999 _c21000
_d21000